[Event "SR 2. liga A 2004/2005"]
[Site "?"]
[Date "2004.10.23"]
[Round "1.8"]
[White "Barca, Michal"]
[Black "Munk, Lubomir"]
[Result "1-0"]
[WhiteElo "1716"]
[BlackElo "2040"]
[PlyCount "121"]
[EventDate "2004.??.??"]

1. c4 Nf6 2. Nc3 e5 3. d3 d5 4. cxd5 Nxd5 5. e4 Nb6 6. Be2 Be7 7. Nf3 Nc6 8.
O-O O-O 9. Be3 f5 10. exf5 Bxf5 11. d4 e4 12. Nd2 Nxd4 13. Ndxe4 Nxe2+ 14. Qxe2
Re8 15. Rfd1 Qc8 16. Rac1 Qe6 17. f3 c6 18. Qf2 Bxe4 19. Nxe4 Nd5 20. Bxa7 b6
21. Bxb6 Rxa2 22. Re1 Qh6 23. Bc5 Nf4 24. Qc2 Qg6 25. Qb3+ Kh8 26. g3 Bxc5+ 27.
Rxc5 Rea8 28. Ng5 Nd5 29. Ne4 Qh6 30. Rcc1 Qg6 31. Qb7 R2a6 32. Red1 Qe8 33.
Re1 Rb6 34. Nd6 Qf8 35. Qf7 Qxf7 36. Nxf7+ Kg8 37. Ng5 h6 38. Ne4 Ra2 39. Rb1
Rbxb2 40. Rxb2 Rxb2 41. Rc1 Nb4 42. Nd6 Kf8 43. Nc8 Ke8 44. Nd6+ Ke7 45. Nf5+
Kd7 46. Nxg7 Re2 47. f4 Nd5 48. Nf5 Re6 49. Nd4 Rf6 50. Kf2 Kd6 51. Rxc6+ Ke7
52. Rxf6 Kxf6 53. Kf3 h5 54. h3 Kg6 55. Ke4 Nc3+ 56. Ke5 Nd1 57. Ke6 Ne3 58.
f5+ Kg7 59. f6+ Kf8 60. f7 Nc4 61. Kf6 1-0

[Event "SR 2. liga A 2004/2005"]
[Site "?"]
[Date "2004.10.23"]
[Round "1.8"]
[White "Karlik, Lukas"]
[Black "Ardo, Peter"]
[Result "1-0"]
[WhiteElo "1845"]
[BlackElo "1898"]
[PlyCount "87"]
[EventDate "2004.??.??"]

1. d4 Nf6 2. c4 e6 3. Nc3 Bb4 4. Qc2 b6 5. Nf3 Bb7 6. Bg5 h6 7. Bd2 O-O 8. g3
c5 9. dxc5 bxc5 10. Bg2 Nc6 11. O-O Ba6 12. Nb5 Bxd2 13. Nxd2 Bxb5 14. cxb5 Nd4
15. Qxc5 Nxe2+ 16. Kh1 Rc8 17. Qe3 Nxg3+ 18. hxg3 Qa5 19. Nb3 Qxb5 20. Bf3 a5
21. Rab1 a4 22. Nd4 Qa5 23. Rfc1 Nd5 24. Qe5 Rxc1+ 25. Rxc1 Qd2 26. Rc2 f6 27.
Rxd2 fxe5 28. Bxd5 exd5 29. Nb5 d4 30. Kg2 Rf6 31. Kf1 Kf8 32. Nc7 Rd6 33. Ke2
Ke7 34. Kd3 Kd8 35. Nb5 Rc6 36. Ke4 Rb6 37. Na3 Re6 38. Nc4 d6 39. Kd5 Ke7 40.
Nb6 a3 41. b4 Rf6 42. Rc2 d3 43. Rd2 e4 44. Kxe4 1-0

[Event "SR 2. liga A 2004/2005"]
[Site "?"]
[Date "2004.10.23"]
[Round "1.8"]
[White "Kleman, Miroslav"]
[Black "Priam, Stefan"]
[Result "1/2-1/2"]
[WhiteElo "2142"]
[BlackElo "1802"]
[PlyCount "144"]
[EventDate "2004.??.??"]

1. c4 e5 2. b3 Nf6 3. Bb2 Nc6 4. g3 Bc5 5. e3 d5 6. a3 a5 7. d3 Bg4 8. Qc2 d4
9. e4 O-O 10. Bg2 Bh5 11. Nd2 Nd7 12. h3 Bg6 13. Ngf3 h6 14. O-O f5 15. Nh4 Bh7
16. exf5 Bxf5 17. Nxf5 Rxf5 18. Bd5+ Kh8 19. Ne4 Be7 20. Be6 Rf8 21. Rae1 Nc5
22. Bd5 Nxe4 23. Rxe4 Bf6 24. f4 exf4 25. Rexf4 Qd6 26. Qf2 Be7 27. Bxc6 Rxf4
28. Qxf4 Qxf4 29. Rxf4 bxc6 30. Bxd4 Bxa3 31. Rf7 Bf8 32. Rxc7 Rd8 33. Be5 Rxd3
34. Rxc6 Kg8 35. Rc8 Kf7 36. Rb8 Bb4 37. Kg2 g5 38. Bc7 h5 39. Rb5 Kg6 40. Bxa5
Bxa5 41. Rxa5 Rxb3 42. Rc5 Rc3 43. Rc8 g4 44. hxg4 hxg4 45. Rg8+ Kf5 46. Rf8+
Kg5 47. Rc8 Rc2+ 48. Kf1 Rc3 49. c5 Kf6 50. c6 Kg7 51. Kf2 Rf3+ 52. Kg2 Rc3 53.
c7 Kh7 54. Kf2 Kg7 55. Ke2 Kh7 56. Kd2 Rc4 57. Kd3 Rc6 58. Ke4 Rc4+ 59. Kf5 Kg7
60. Kg5 Kh7 61. Kf6 Rc1 62. Rf8 Rc6+ 63. Kg5 Rxc7 64. Kxg4 Kg7 65. Rf5 Kg6 66.
Rf4 Rc5 67. Ra4 Rg5+ 68. Kf3 Rf5+ 69. Ke4 Rf8 70. Ra5 Rf6 71. g4 Rf1 72. Rf5
Re1+ 1/2-1/2

[Event "SR 2. liga A 2004/2005"]
[Site "?"]
[Date "2004.10.23"]
[Round "1.8"]
[White "Krist, Milan"]
[Black "Jurcak, Marian"]
[Result "0-1"]
[WhiteElo "2000"]
[BlackElo "1879"]
[PlyCount "109"]
[EventDate "2004.??.??"]

1. e4 e6 2. d4 d5 3. Nd2 c5 4. exd5 exd5 5. Ngf3 Nf6 6. c3 Nc6 7. Bb5 Bd7 8.
O-O cxd4 9. Re1+ Be7 10. Qe2 a6 11. Bxc6 bxc6 12. cxd4 h6 13. b3 Be6 14. Ne5
Qb6 15. Nxf7 Kxf7 16. Qxe6+ Kg6 17. Nf3 Rhe8 18. Ne5+ Kh7 19. Be3 Bb4 20. Qf5+
Kg8 21. Rec1 c5 22. dxc5 Qe6 23. Qxe6+ Rxe6 24. Nd3 Ba5 25. h3 Ne4 26. Nf4 Re5
27. Bd4 Rf5 28. Nd3 Bd8 29. b4 Bg5 30. Rc2 Rb8 31. c6 Rc8 32. a4 Nd2 33. b5 Nb3
34. Bxg7 Kxg7 35. Rd1 axb5 36. Rb2 Na5 37. axb5 Nc4 38. Ra2 Bd8 39. Nc5 Bb6 40.
Nd7 Kg6 41. Rc1 Bd4 42. Rd1 Bb6 43. Nxb6 Nxb6 44. Ra6 Nc4 45. b6 Nxb6 46. Rxb6
Rc7 47. g4 Re5 48. f4 Re4 49. f5+ Kg5 50. Rxd5 Ra7 51. f6+ Kf4 52. Rf5+ Ke3 53.
Rb3+ Kd2 54. Rf2+ Kc1 55. Rc3+ 0-1

[Event "SR 2. liga A 2004/2005"]
[Site "?"]
[Date "2004.10.23"]
[Round "1.8"]
[White "Nepras, Martin"]
[Black "Hoferek, Peter"]
[Result "1/2-1/2"]
[WhiteElo "1973"]
[BlackElo "1943"]
[PlyCount "95"]
[EventDate "2004.??.??"]

1. d4 d5 2. c4 c6 3. cxd5 cxd5 4. Nc3 Nf6 5. Nf3 Bg4 6. Ne5 Bf5 7. Qa4+ Nbd7 8.
e3 a6 9. Qb3 Nb6 10. a4 e6 11. a5 Nbd7 12. Qxb7 Nxe5 13. dxe5 Nd7 14. Bxa6 Rb8
15. Qc6 Bb4 16. Bb5 Qe7 17. Qxd7+ Qxd7 18. Bxd7+ Kxd7 19. Bd2 Ra8 20. Ne2 Rhb8
21. Bxb4 Rxb4 22. Nf4 Bg6 23. Nxg6 hxg6 24. Ra2 Rb5 25. a6 Rb6 26. a7 Rb7 27.
Kd2 Raxa7 28. Rha1 Rxb2+ 29. Rxb2 Rxa1 30. Rb7+ Ke8 31. Rb8+ Kd7 32. Rg8 Rh1
33. Rh8 g5 34. Ke2 f6 35. exf6 gxf6 36. Rh7+ Kd6 37. Kf3 Rc1 38. h4 gxh4 39.
Rxh4 e5 40. Ra4 Rc3 41. Ra6+ Rc6 42. Ra2 Rc4 43. Ra6+ Rc6 44. Ra2 Rc4 45. g4 d4
46. Ra6+ Ke7 47. exd4 Rxd4 48. Rb6 1/2-1/2

[Event "SR 2. liga A 2004/2005"]
[Site "?"]
[Date "2004.10.23"]
[Round "1.8"]
[White "Rachela, Robert"]
[Black "Benak, Peter"]
[Result "0-1"]
[WhiteElo "1849"]
[BlackElo "1535"]
[PlyCount "84"]
[EventDate "2004.??.??"]

1. e4 Nf6 2. e5 Nd5 3. d4 d6 4. f4 dxe5 5. fxe5 Nc6 6. Nf3 Bf5 7. a3 e6 8. c4
Nb6 9. Nc3 Be7 10. Be2 O-O 11. O-O f6 12. Bf4 fxe5 13. Bxe5 Nxe5 14. Nxe5 Bf6
15. b4 Bxe5 16. dxe5 c6 17. Ra2 Qxd1 18. Rxd1 Rfd8 19. Rad2 Rxd2 20. Rxd2 Kf7
21. c5 Nd5 22. Nxd5 exd5 23. Bf3 Rf8 24. Kf2 Ke6 25. b5 Be4 26. Ke3 Bxf3 27.
gxf3 Kxe5 28. a4 Rf4 29. Ra2 Rb4 30. bxc6 bxc6 31. Ra3 a5 32. h3 g5 33. Kd3
Rd4+ 34. Ke3 Rc4 35. Ra2 Rxc5 36. Rg2 h6 37. Rg4 Rc4 38. Rg2 Rxa4 39. Rb2 Rc4
40. Ra2 a4 41. Ra3 d4+ 42. Kd3 Rc3+ 0-1

[Event "SR 2. liga A 2004/2005"]
[Site "?"]
[Date "2004.10.24"]
[Round "2.1"]
[White "Bisco, Igor"]
[Black "Krajnak, Robert"]
[Result "1/2-1/2"]
[WhiteElo "2177"]
[BlackElo "2117"]
[PlyCount "41"]
[EventDate "2004.??.??"]

1. e4 c5 2. Nf3 e6 3. d4 cxd4 4. Nxd4 Nc6 5. Be3 Nf6 6. Nc3 Bb4 7. Bd3 d5 8.
Nxc6 bxc6 9. e5 d4 10. exf6 Qxf6 11. O-O Bxc3 12. Bc1 Bb4 13. c3 dxc3 14. Qa4
Rb8 15. bxc3 O-O 16. cxb4 Qxa1 17. Bf4 Qd4 18. Bxh7+ Kxh7 19. Bxb8 Ba6 20. Qxa6
Rxb8 21. a3 1/2-1/2

[Event "SR 2. liga A 2004/2005"]
[Site "?"]
[Date "2004.10.24"]
[Round "2.1"]
[White "Lesny, Stefan"]
[Black "Jablonicky, Frantisek"]
[Result "1/2-1/2"]
[WhiteElo "2077"]
[BlackElo "2181"]
[PlyCount "41"]
[EventDate "2004.??.??"]

1. e4 c6 2. f4 d5 3. e5 Bf5 4. d3 e6 5. Nf3 c5 6. c3 Nc6 7. Na3 h5 8. Nc2 Nh6
9. Be2 d4 10. O-O Be7 11. c4 Qd7 12. a3 a5 13. b3 Rd8 14. Rb1 Ng4 15. h3 Ne3
16. Nxe3 dxe3 17. Bxe3 Bxd3 18. Bxd3 Qxd3 19. Qxd3 Rxd3 20. Kf2 O-O 21. Rfd1
1/2-1/2

[Event "SR 2. liga A 2004/2005"]
[Site "?"]
[Date "2004.10.24"]
[Round "2.1"]
[White "Meszaros, Michal"]
[Black "Fraas, Martin"]
[Result "0-1"]
[WhiteElo "2322"]
[BlackElo "2194"]
[PlyCount "78"]
[EventDate "2004.??.??"]

1. e4 e5 2. Nf3 Nc6 3. Bb5 a6 4. Ba4 Nf6 5. O-O Be7 6. Re1 b5 7. Bb3 O-O 8. c3
d5 9. exd5 Nxd5 10. Nxe5 Nxe5 11. Rxe5 c6 12. d4 Bd6 13. Re1 Qh4 14. g3 Qh3 15.
Be3 Bg4 16. Qd3 Rae8 17. Nd2 Qh5 18. Bd1 f5 19. f3 f4 20. fxg4 Qh3 21. Bf2
Rxe1+ 22. Bxe1 Ne3 23. Qe4 fxg3 24. hxg3 Bxg3 25. Bb3+ Kh8 26. Bxg3 Qxg3+ 27.
Kh1 Qh3+ 28. Kg1 Qg3+ 29. Kh1 Nxg4 30. Qg2 Qh4+ 31. Kg1 Rf2 32. Ne4 Rxg2+ 33.
Kxg2 Qh2+ 34. Kf3 h5 35. Ng5 Qd2 36. Nh3 Qe3+ 37. Kg2 h4 38. Rh1 Qg3+ 39. Kf1
Qf3+ 0-1

[Event "SR 2. liga A 2004/2005"]
[Site "?"]
[Date "2004.10.24"]
[Round "2.1"]
[White "Petreje, Juraj"]
[Black "Pivacek, Marek"]
[Result "1/2-1/2"]
[WhiteElo "2192"]
[BlackElo "1974"]
[PlyCount "38"]
[EventDate "2004.??.??"]

1. d4 Nf6 2. c4 e6 3. Nf3 b6 4. g3 Bb7 5. Bg2 Be7 6. O-O O-O 7. Nbd2 c5 8. dxc5
bxc5 9. b3 Qc7 10. Bb2 Nc6 11. Re1 Ng4 12. h3 Nh6 13. Qc2 f5 14. e3 Bf6 15.
Rec1 Nb4 16. Qb1 Bxb2 17. Qxb2 Nd3 18. Qc3 Nxc1 19. Rxc1 d6 1/2-1/2

[Event "SR 2. liga A 2004/2005"]
[Site "?"]
[Date "2004.10.24"]
[Round "2.1"]
[White "Rohacek, Miroslav"]
[Black "Matejovic, Juraj"]
[Result "0-1"]
[WhiteElo "2239"]
[BlackElo "2204"]
[PlyCount "60"]
[EventDate "2004.??.??"]

1. Nf3 Nf6 2. c4 g6 3. b4 Bg7 4. Bb2 O-O 5. g3 d5 6. cxd5 Qxd5 7. Bg2 Qh5 8. a4
Bh3 9. O-O Bxg2 10. Kxg2 Rd8 11. Nc3 e5 12. Nb5 Nc6 13. Rc1 e4 14. Nh4 Rd7 15.
Rc5 Qg4 16. d4 exd3 17. exd3 Qxb4 18. Ba3 Qg4 19. f3 Qe6 20. Re1 Rxd3 21. Qxd3
Qxe1 22. Nxc7 Rd8 23. Nd5 Qe6 24. Nxf6+ Bxf6 25. Qc2 Nd4 26. Qc4 Be7 27. Bc1
Bxc5 28. Qxc5 Nb3 29. Qg1 Qe2+ 30. Kh3 Rd1 0-1

[Event "SR 2. liga A 2004/2005"]
[Site "?"]
[Date "2004.10.24"]
[Round "2.1"]
[White "Smolen, Jan"]
[Black "Harasta, Vladimir"]
[Result "0-1"]
[WhiteElo "2306"]
[BlackElo "2122"]
[PlyCount "120"]
[EventDate "2004.??.??"]

1. e4 e5 2. Nc3 Nf6 3. Bc4 Nc6 4. d3 Bc5 5. f4 d6 6. Nf3 Bg4 7. Na4 Bb6 8. Nxb6
axb6 9. O-O Nd4 10. fxe5 Bxf3 11. gxf3 dxe5 12. f4 Ne6 13. fxe5 Qd4+ 14. Kh1
Qxe5 15. Rf5 Qd6 16. c3 O-O-O 17. Qf3 Nd7 18. d4 f6 19. a4 c6 20. b3 g6 21. Ba3
c5 22. Rd5 Qf4 23. Qxf4 Nxf4 24. Rd6 Kc7 25. dxc5 bxc5 26. Rad1 b6 27. a5 bxa5
28. Bb5 Ne5 29. Bxc5 Rxd6 30. Rxd6 Rd8 31. Rxd8 Kxd8 32. Bb6+ Kc8 33. Bxa5 Kb7
34. Kg1 Nf3+ 35. Kf2 Nd2 36. Bd8 Nxe4+ 37. Ke3 Nxc3 38. Kxf4 Nxb5 39. Bxf6 Kc6
40. Kg5 Kd5 41. Kh6 Ke6 42. Bb2 Kf5 43. Kxh7 g5 44. Kg7 Nd6 45. b4 g4 46. Bc1
Ke5 47. Kg6 Ne4 48. b5 g3 49. h4 Nf2 50. Be3 Ke4 51. Bb6 Kf3 52. Bc7 g2 53. Bh2
Ng4 54. Bg1 Ke2 55. b6 Kf1 56. b7 Kxg1 57. b8=Q Kh1 58. Qb7 Kh2 59. Qc7+ Kh1
60. Qc6 $2 Ne5+ 0-1

[Event "SR 2. liga A 2004/2005"]
[Site "?"]
[Date "2004.10.24"]
[Round "2.2"]
[White "Chovanec, Vladimir"]
[Black "Machalova, Maria"]
[Result "1-0"]
[WhiteElo "2077"]
[BlackElo "2137"]
[PlyCount "97"]
[EventDate "2004.??.??"]

1. Nf3 c5 2. g3 Nc6 3. Bg2 g6 4. O-O Bg7 5. d3 d6 6. e4 e5 7. c3 Nge7 8. Be3
Bg4 9. h3 Bxf3 10. Bxf3 O-O 11. Bg2 b6 12. a4 Qd7 13. Na3 d5 14. Bg5 f6 15. Bd2
Kh8 16. Qc2 f5 17. exf5 Nxf5 18. Rae1 Rae8 19. Kh2 h6 20. Qd1 Kh7 21. Nc2 Nce7
22. Ne3 Nxe3 23. fxe3 Rd8 24. e4 dxe4 25. Bxe4 c4 26. a5 cxd3 27. axb6 axb6 28.
Re3 Qb5 29. Rxf8 Rxf8 30. Rxd3 Qxb2 31. h4 Qa2 32. h5 Qe6 33. hxg6+ Nxg6 34.
Qh5 Rf7 35. Be3 b5 36. Bc5 Qa2+ 37. Kg1 Qb1+ 38. Kh2 Qa2+ 39. Kh3 Qe6+ 40. Kg2
Qa2+ 41. Kh3 Qe6+ 42. Qg4 Qxg4+ 43. Kxg4 Rc7 44. Rd5 Rc6 45. Kh5 Rf6 46. Rd6
Rxd6 47. Bxd6 Bf6 48. Bxg6+ Kg7 49. Be4 1-0

[Event "SR 2. liga A 2004/2005"]
[Site "?"]
[Date "2004.10.24"]
[Round "2.2"]
[White "Hartl, Jan"]
[Black "Skreno, Vladimir"]
[Result "0-1"]
[WhiteElo "2158"]
[BlackElo "2180"]
[PlyCount "92"]
[EventDate "2004.??.??"]

1. e4 c5 2. Nf3 Nc6 3. d4 cxd4 4. Nxd4 e5 5. Nb5 a6 6. Nd6+ Bxd6 7. Qxd6 Qf6 8.
Qxf6 Nxf6 9. f3 d5 10. exd5 Nxd5 11. c3 Be6 12. Na3 Rd8 13. Be2 O-O 14. O-O Rd7
15. g3 Rfd8 16. Nc4 b5 17. Ne3 Nb6 18. b3 Ne7 19. Ba3 Ned5 20. Nd1 Rc8 21. Rc1
Nf6 22. Rc2 Bf5 23. Rb2 Bd3 24. Re1 h6 25. Bb4 Bg6 26. Ba5 Rc6 27. Ne3 Nbd5 28.
Nxd5 Rxd5 29. Bb4 Bd3 30. Bd1 Rc8 31. Kf2 Rc7 32. Be2 Bxe2 33. Rbxe2 Nd7 34.
Ke3 Nc5 35. Rd2 Rxd2 36. Kxd2 Rd7+ 37. Kc2 Nd3 38. Rd1 Nxb4+ 39. cxb4 Rxd1 40.
Kxd1 f5 41. Kd2 Kf7 42. h4 g5 43. h5 Ke6 44. Kc3 g4 45. fxg4 fxg4 46. Kd3 Kd5
0-1

[Event "SR 2. liga A 2004/2005"]
[Site "?"]
[Date "2004.10.24"]
[Round "2.2"]
[White "Horak, Ivan"]
[Black "Bezuch, Martin"]
[Result "0-1"]
[WhiteElo "2177"]
[BlackElo "2190"]
[PlyCount "66"]
[EventDate "2004.??.??"]

1. e4 d6 2. d4 Nf6 3. f3 g6 4. c4 Bg7 5. Nc3 O-O 6. Be3 Nbd7 7. Qd2 c5 8. d5 a6
9. Bh6 Rb8 10. g4 b5 11. cxb5 axb5 12. h4 b4 13. Nd1 Ne5 14. Bxg7 Kxg7 15. Ne3
Qa5 16. Nc4 Nxc4 17. Bxc4 h5 18. gxh5 Nxh5 19. Ne2 Bd7 20. Kf2 f5 21. e5 dxe5
22. Qg5 Rf6 23. Rag1 Rh8 24. Ng3 Nxg3 25. Qxg3 f4 26. Qg5 Bf5 27. h5 b3 28. h6+
Kh7 29. Ke2 bxa2 30. d6 Qb4 31. b3 Qc3 32. Kf2 Qd2+ 33. Be2 Qe3+ 0-1

[Event "SR 2. liga A 2004/2005"]
[Site "?"]
[Date "2004.10.24"]
[Round "2.2"]
[White "Miklas, Marian"]
[Black "Obdrzalkova, Anita"]
[Result "0-1"]
[WhiteElo "2227"]
[BlackElo "2137"]
[PlyCount "46"]
[EventDate "2004.??.??"]

1. c4 Nf6 2. g3 g6 3. Bg2 Bg7 4. Nc3 c6 5. e4 d6 6. Nge2 O-O 7. O-O Nbd7 8. d3
e5 9. h3 Ne8 10. Be3 f5 11. f4 Ndf6 12. exf5 Bxf5 13. d4 exf4 14. Nxf4 Qe7 15.
Qf3 Nc7 16. Bf2 g5 17. g4 Bd7 18. Rfe1 Qd8 19. Nd3 Nxg4 20. Qd1 Nxf2 21. Nxf2
Qf6 22. Nfe4 Qh6 23. Qd3 g4 0-1

[Event "SR 2. liga A 2004/2005"]
[Site "?"]
[Date "2004.10.24"]
[Round "2.2"]
[White "Oprea, Erik"]
[Black "Gasa, Andrej"]
[Result "1-0"]
[WhiteElo "2115"]
[BlackElo "2202"]
[PlyCount "140"]
[EventDate "2004.??.??"]

1. e4 c5 2. d4 cxd4 3. Nf3 Nc6 4. Nxd4 Nf6 5. Nc3 d6 6. Bb5 Bd7 7. Bg5 e6 8.
Qd2 h6 9. Bh4 a6 10. Nxc6 bxc6 11. Bd3 Be7 12. f4 Qa5 13. Bg3 d5 14. a3 Bb4 15.
O-O Bxc3 16. bxc3 dxe4 17. Be2 Nd5 18. Be1 Qb6+ 19. Kh1 Qe3 20. c4 Qxd2 21.
Bxd2 Ne7 22. Bb4 f5 23. Rfd1 Bc8 24. Rd2 Kf7 25. Rad1 Re8 26. Rd8 g6 27. R8d2
a5 28. Bc5 Rb8 29. Bd6 Rb7 30. Bc5 Rb8 31. Bd6 Rb7 32. Be5 Ng8 33. h3 Ne7 34.
Rd6 Rg8 35. Kh2 Re8 36. Bc3 a4 37. Bb4 Rc7 38. Bc5 Rb7 39. R6d4 Ng8 40. Bd6 Ne7
41. Bc5 Rb2 42. R4d2 Rb7 43. Rd6 Rb2 44. R1d2 Rb8 45. Kg3 Rb7 46. Kf2 Rb8 47.
Bb4 Rb7 48. Bd1 Ra7 49. Bc5 Ra6 50. c3 Ng8 51. Rb2 e5 52. fxe5 Rxe5 53. Bd4 Re6
54. Rd8 Re8 55. Rxe8 Kxe8 56. Rb4 Ne7 57. Rxa4 Rxa4 58. Bxa4 Kd7 59. Bg7 h5 60.
Bh6 Ba6 61. Bb3 Kd6 62. Bf4+ Ke6 63. c5+ Nd5 64. Kg3 Kd7 65. Bxd5 cxd5 66. h4
Kc6 67. Be3 Kb5 68. Kf4 Kc4 69. Bd4 Kd3 70. c6 Bc8 1-0

[Event "SR 2. liga A 2004/2005"]
[Site "?"]
[Date "2004.10.24"]
[Round "2.2"]
[White "Polacik, Igor"]
[Black "Bronis, Marian"]
[Result "1/2-1/2"]
[WhiteElo "2014"]
[BlackElo "2161"]
[PlyCount "52"]
[EventDate "2004.??.??"]

1. d4 g6 2. c4 f5 3. g3 Nf6 4. Bg2 Bg7 5. Nc3 d6 6. Nf3 O-O 7. O-O Nc6 8. d5
Ne5 9. Nxe5 dxe5 10. e4 f4 11. h3 g5 12. g4 Nd7 13. b3 a5 14. Bb2 Ra6 15. a3
Nc5 16. b4 axb4 17. axb4 Rxa1 18. Bxa1 Na6 19. Na2 e6 20. Qb3 Qf6 21. f3 exd5
22. cxd5 h5 23. Rf2 Rf7 24. Bf1 hxg4 25. hxg4 Qb6 26. Bc3 Nc5 1/2-1/2

[Event "SR 2. liga A 2004/2005"]
[Site "?"]
[Date "2004.10.24"]
[Round "2.3"]
[White "Bebiak, Jozef"]
[Black "Minich, Peter"]
[Result "1/2-1/2"]
[WhiteElo "2122"]
[BlackElo "2210"]
[PlyCount "82"]
[EventDate "2004.??.??"]

1. e4 c5 2. c3 Nf6 3. e5 Nd5 4. d4 cxd4 5. cxd4 e6 6. Nf3 d6 7. Nc3 dxe5 8.
Nxe5 Bb4 9. Bd2 O-O 10. a3 Nxc3 11. bxc3 Be7 12. Bd3 Nd7 13. f4 Nxe5 14. fxe5
Bg5 15. O-O Bxd2 16. Qxd2 Bd7 17. Rf3 f5 18. exf6 Rxf6 19. Raf1 Qe7 20. Rxf6
gxf6 21. Qh6 Rf8 22. Rf3 Rf7 23. Be4 Bc6 24. Qf4 Bxe4 25. Qxe4 Rg7 26. c4 f5
27. Qe5 h6 28. Kf1 Kh7 29. d5 Qg5 30. g3 exd5 31. cxd5 Rf7 32. d6 Kg6 33. Kg2
Qf6 34. Qf4 Rd7 35. Rd3 Qe6 36. Kf3 Qe1 37. h4 Qf1+ 38. Ke3 Qc1+ 39. Kf3 Qf1+
40. Ke3 Qc1+ 41. Kf3 Qf1+ 1/2-1/2

[Event "SR 2. liga A 2004/2005"]
[Site "?"]
[Date "2004.10.24"]
[Round "2.3"]
[White "Kebis, Milos"]
[Black "Marko, Vladimir"]
[Result "1-0"]
[WhiteElo "2097"]
[BlackElo "2037"]
[PlyCount "87"]
[EventDate "2004.??.??"]

1. d4 d5 2. Nf3 Bg4 3. Ne5 Bf5 4. c4 e6 5. Nc3 c6 6. cxd5 exd5 7. e3 Nd7 8. Nd3
Bd6 9. g3 Ngf6 10. Bg2 Qc7 11. a3 h5 12. Nf4 h4 13. Bd2 g5 14. Nfe2 h3 15. Bf1
g4 16. Nf4 O-O-O 17. Rc1 Bxf4 18. gxf4 a6 19. b4 Nf8 20. a4 Ne4 21. b5 Nxc3 22.
Rxc3 axb5 23. axb5 Rd6 24. Qa4 Ng6 25. Be2 Nh4 26. bxc6 Rxc6 27. Rxc6 Ng2+ 28.
Kf1 Qxc6 29. Qa8+ Kd7 30. Qxh8 Qa4 31. f3 gxf3 32. Bxf3 Qa1+ 33. Kf2 Qxh1 34.
Qe5 Qb1 35. Qxd5+ Ke8 36. Qe5+ Kf8 37. Qh8+ Ke7 38. Qe5+ Kf8 39. Qd6+ Kg7 40.
Bb4 Qb2+ 41. Kg3 Nxe3 42. Qf8+ Kf6 43. Qh8+ Ke6 44. d5+ 1-0

[Event "SR 2. liga A 2004/2005"]
[Site "?"]
[Date "2004.10.24"]
[Round "2.3"]
[White "Kisonova, Katarina"]
[Black "Heinrich, Jan"]
[Result "1-0"]
[WhiteElo "2163"]
[BlackElo "2109"]
[PlyCount "71"]
[EventDate "2004.??.??"]

1. e4 c5 2. f4 g6 3. Nf3 Nc6 4. Bb5 Bg7 5. Bxc6 bxc6 6. d3 d6 7. Nc3 e6 8. O-O
Ne7 9. Be3 Rb8 10. Rb1 Qa5 11. Bd2 Qa6 12. b3 O-O 13. Na4 Rd8 14. Kh1 Bb7 15.
Qe1 Ba8 16. Ba5 Re8 17. Bc7 d5 18. Bxb8 Rxb8 19. c4 Bd4 20. Qh4 Re8 21. Ne5 Kg7
22. Rf3 f6 23. Nd7 Ng8 24. Rh3 h6 25. e5 fxe5 26. fxe5 Qc8 27. Nf6 Bxe5 28.
Nxg8 Rxg8 29. Qxh6+ Kf7 30. Rf1+ Ke7 31. Qg5+ Kd6 32. b4 Bd4 33. bxc5+ Kc7 34.
Rh7+ Kb8 35. Rb1+ Bb7 36. Qe7 1-0

[Event "SR 2. liga A 2004/2005"]
[Site "?"]
[Date "2004.10.24"]
[Round "2.3"]
[White "Machalova, Veronika"]
[Black "Bury, Rastislav"]
[Result "1/2-1/2"]
[WhiteElo "2168"]
[BlackElo "2053"]
[PlyCount "76"]
[EventDate "2004.??.??"]

1. e4 e5 2. Nf3 Nc6 3. Bb5 Nd4 4. Nxd4 exd4 5. O-O c6 6. Be2 Bc5 7. d3 Ne7 8.
Nd2 O-O 9. Bf3 d6 10. Bg4 Ng6 11. Bxc8 Rxc8 12. Nf3 Ne5 13. Nxe5 dxe5 14. Qh5
Qe8 15. Qg4 Qe6 16. Qxe6 fxe6 17. f3 Bb6 18. Kf2 c5 19. Ke2 Ba5 20. f4 Bc7 21.
fxe5 Rxf1 22. Kxf1 Bxe5 23. g3 c4 24. Ke2 cxd3+ 25. Kxd3 Bf6 26. Bd2 Kf7 27.
Rf1 e5 28. g4 Ke6 29. Rf3 b5 30. Rf5 Rh8 31. Rh5 g6 32. Rh3 h5 33. g5 Be7 34.
Rf3 Rf8 35. Rxf8 Bxf8 36. h4 Kd7 37. Be1 Kc6 38. Bd2 a6 1/2-1/2

[Event "SR 2. liga A 2004/2005"]
[Site "?"]
[Date "2004.10.24"]
[Round "2.3"]
[White "Seitler, Andrej"]
[Black "Eged, Igor"]
[Result "1/2-1/2"]
[WhiteElo "2191"]
[BlackElo "2107"]
[PlyCount "47"]
[EventDate "2004.??.??"]

1. e4 e6 2. d4 d5 3. e5 c5 4. c3 Qb6 5. Bd3 Bd7 6. Ne2 Bb5 7. O-O Bxd3 8. Qxd3
Nc6 9. a3 cxd4 10. cxd4 Nge7 11. b4 Nc8 12. f4 g6 13. Nbc3 Qd8 14. Nd1 h5 15.
Bd2 a6 16. Rc1 Qb6 17. Ndc3 N8e7 18. Be3 Nf5 19. Bf2 Be7 20. Ng3 Nxg3 21. hxg3
Rd8 22. Rfd1 Kf8 23. Rb1 Na7 24. Rdc1 1/2-1/2

[Event "SR 2. liga A 2004/2005"]
[Site "?"]
[Date "2004.10.24"]
[Round "2.3"]
[White "Vychodil, Michal"]
[Black "Provaznik, Michal"]
[Result "1/2-1/2"]
[WhiteElo "2098"]
[BlackElo "2192"]
[PlyCount "88"]
[EventDate "2004.??.??"]

1. e4 c5 2. Nf3 e6 3. d4 cxd4 4. Nxd4 a6 5. Bd3 Nf6 6. O-O d6 7. a4 Be7 8. Nc3
O-O 9. Kh1 e5 10. Nde2 Nc6 11. f4 exf4 12. Nxf4 Ng4 13. Nfd5 Bg5 14. h3 Bxc1
15. Qxc1 Nge5 16. Qf4 Ng6 17. Qg3 Nce5 18. Rf2 Be6 19. a5 Qh4 20. Qxh4 Nxh4 21.
Ne7+ Kh8 22. Nf5 Nxf5 23. exf5 Nxd3 24. cxd3 Bd7 25. Ne4 Bc6 26. Re1 Rad8 27.
Nc3 d5 28. d4 Rfe8 29. Rxe8+ Rxe8 30. Re2 Rxe2 31. Nxe2 Kg8 32. g4 Kf8 33. Kg2
Ke7 34. Kf3 Kf6 35. Kf4 Ke7 36. Nc3 f6 37. h4 Kd6 38. b4 Be8 39. g5 Kc6 40. Kg4
Kd6 41. Ne2 Ba4 42. Nf4 Bd1+ 43. Kg3 Bc2 44. Kg4 Bd1+ 1/2-1/2

[Event "SR 2. liga A 2004/2005"]
[Site "?"]
[Date "2004.10.24"]
[Round "2.4"]
[White "Kovarik, Oto"]
[Black "Szollos, Ondrej"]
[Result "0-1"]
[WhiteElo "2100"]
[BlackElo "2101"]
[PlyCount "88"]
[EventDate "2004.??.??"]

1. e4 d6 2. d4 c6 3. c4 Qc7 4. Nc3 e5 5. Nf3 Nf6 6. Be2 Be7 7. O-O O-O 8. Qc2
Bg4 9. Be3 Nbd7 10. h3 Bh5 11. a3 a6 12. b4 b5 13. dxe5 dxe5 14. c5 Rfe8 15.
Rfd1 Nf8 16. Nd2 Bg6 17. Nb3 Ne6 18. a4 Nh5 19. axb5 axb5 20. Rxa8 Rxa8 21. Na5
Rd8 22. g3 Nd4 23. Qa2 Nf6 24. Bd3 Ra8 25. Qb1 Nd7 26. Nb3 Bh5 27. g4 Nf3+ 28.
Kh1 Bg6 29. Be2 Nh4 30. Qc1 Nf8 31. Bg5 Ne6 32. Bxe7 Qxe7 33. Rd6 Nf4 34. Bf1
h5 35. Na5 Nf3 36. Bg2 Qh4 37. Qf1 hxg4 38. Bxf3 gxf3 39. Kh2 Bh5 40. Nd1 Bg4
41. Nxc6 Nxh3 42. Ne3 Nxf2+ 43. Kg1 Qg3+ 44. Ng2 Nh3+ 0-1

[Event "SR 2. liga A 2004/2005"]
[Site "?"]
[Date "2004.10.24"]
[Round "2.4"]
[White "Novak, Stanislav"]
[Black "Lahucky, Pavol"]
[Result "1/2-1/2"]
[WhiteElo "2055"]
[BlackElo "2089"]
[PlyCount "89"]
[EventDate "2004.??.??"]

1. e4 e5 2. Nf3 Nc6 3. Bb5 a6 4. Ba4 Nf6 5. d3 b5 6. Bb3 Be7 7. O-O d6 8. c3
Na5 9. Bc2 c5 10. Re1 O-O 11. Nbd2 Nc6 12. Nf1 b4 13. Ng3 Qb6 14. h3 Ne8 15.
Nf5 Nc7 16. Nxe7+ Nxe7 17. Bb3 Be6 18. Bc2 Ng6 19. Ng5 h6 20. Nxe6 Nxe6 21. Qg4
Kh7 22. h4 Qd8 23. h5 Ngf4 24. Bxf4 Nxf4 25. g3 Qg5 26. Qxg5 Nh3+ 27. Kg2 Nxg5
28. f4 Ne6 29. Rf1 f6 30. Bb3 Rfe8 31. Bxe6 Rxe6 32. cxb4 exf4 33. Rxf4 cxb4
34. Rc1 Re5 35. Rf5 Rxf5 36. exf5 Re8 37. Kf3 Re5 38. g4 Ra5 39. Rc4 Rxa2 40.
Rxb4 a5 41. Rb3 Ra4 42. Ra3 Rd4 43. Rc3 a4 44. Ra3 Rb4 45. Kg3 1/2-1/2

[Event "SR 2. liga A 2004/2005"]
[Site "?"]
[Date "2004.10.24"]
[Round "2.4"]
[White "Pacher, Milan"]
[Black "Hecko, Dusan"]
[Result "0-1"]
[WhiteElo "2063"]
[BlackElo "2137"]
[PlyCount "94"]
[EventDate "2004.??.??"]

1. d4 Nf6 2. c4 g6 3. Nc3 d5 4. Nf3 Bg7 5. Bg5 c6 6. Bxf6 Bxf6 7. cxd5 cxd5 8.
Qb3 e6 9. e3 O-O 10. Be2 Nc6 11. O-O Bd7 12. Qxb7 Rb8 13. Qa6 Rb6 14. Qd3 Rxb2
15. Rfb1 Rxb1+ 16. Rxb1 Qa8 17. Nd2 Rb8 18. Nb3 Nb4 19. Qd2 Be7 20. Bf3 Rb6 21.
Nc5 Qc8 22. Rc1 Qd8 23. Bd1 Na6 24. Nxd7 Qxd7 25. Ba4 Qb7 26. Qe2 Ba3 27. Rf1
Rb2 28. Qd1 Bb4 29. Nb1 Rxa2 30. Qb3 Ra1 31. g3 Qb6 32. Kg2 Qa5 33. Bc6 Nc7 34.
Rc1 a6 35. Bb7 Bf8 36. Qb2 Ra4 37. Qd2 Qb6 38. Bc6 Rc4 39. Rxc4 dxc4 40. Be4
Bb4 41. Qc2 Qb5 42. Bf3 Nd5 43. Be2 Nb6 44. e4 a5 45. f4 Qc6 46. Bf3 Qa4 47.
Qf2 c3 0-1